Soul stories /
| Hovedforfatter: | |
|---|---|
| Format: | Bog |
| Sprog: | English |
| Udgivet: |
New York :
Simon & Schuster,
c2000.
|
| Fag: | |
| Online adgang: | Contributor biographical information Publisher description Sample text Table of contents only |
| Classic Catalogue: | View this record in Classic Catalogue |
| LEADER | 01366nam a22003494a 4500 | ||
|---|---|---|---|
| 001 | 42378 | ||
| 003 | BD-DhAAL | ||
| 005 | 20240313112252.0 | ||
| 008 | 240312t2000 nyu 000 0 eng | ||
| 010 | |a 00037165 | ||
| 020 | |a 0743204077 (alk. paper) | ||
| 020 | |a 0743209087 | ||
| 040 | |a DLC |c DLC |d DLC |d BD-DhAAL | ||
| 042 | |a pcc | ||
| 050 | 0 | 0 | |a BP605.N48 |b Z853 2000 |
| 082 | 0 | 0 | |a 291.4 |2 21 |
| 100 | 1 | |a Zukav, Gary. |9 56139 | |
| 245 | 1 | 0 | |a Soul stories / |c Gary Zukav. |
| 260 | |a New York : |b Simon & Schuster, |c c2000. | ||
| 300 | |a 247 pages ; |c 23 cm. | ||
| 500 | |a Includes index. | ||
| 541 | |a Complimentary copy |e 42378 | ||
| 650 | 0 | |a New Age movement. |9 56140 | |
| 650 | 0 | |a Spiritual life |x New Age movement. |9 56141 | |
| 650 | 0 | |a Meditations. |9 11760 | |
| 856 | 4 | 2 | |3 Contributor biographical information |u http://www.loc.gov/catdir/bios/simon054/00037165.html |
| 856 | 4 | 2 | |3 Publisher description |u http://www.loc.gov/catdir/description/simon041/00037165.html |
| 856 | 4 | 1 | |3 Sample text |u http://www.loc.gov/catdir/enhancements/fy0705/00037165-s.html |
| 856 | 4 | 1 | |3 Table of contents only |u http://www.loc.gov/catdir/enhancements/fy0705/00037165-t.html |
| 942 | |2 ddc |c BK | ||
| 999 | |c 46458 |d 46458 | ||
| 952 | |0 0 |1 0 |2 ddc |4 0 |6 291_400000000000000_ZUK |7 0 |9 75249 |a SCL |b SCL |c GEN |d 2024-03-12 |e Complimentary copy |l 0 |o 291.4 ZUK |p 3020042378 |r 2024-03-12 |t 1 |w 2024-03-12 |y BK | ||